Priemysel 4.0: SCADA-HMI - Simatic WinCC Unified

Salvato in:
Dettagli Bibliografici
Autore principale: Matuška, Matúš (Autore)
Altri autori: Mrafko, Leo (Relatore della tesi)
Natura: Manoscritto Libro
Lingua:slovacco
Pubblicazione: Bratislava : STU v Bratislave FEI, 2025
Soggetti:
Accesso online:https://opac.crzp.sk/?fn=detailBiblioFormChildW7RGK&sid=8D80AD18777FCC7F64B1B24DC29E&seo=CRZP-detail-kniha
Tags: Aggiungi Tag
Nessun Tag, puoi essere il primo ad aggiungerne!!

MARC

LEADER 00000ntm a22000003a 4500
001 stuzp101912
003 SK-STU
005 20260210100218.5
007 ta
008 150427s2015----xo-----f-mn---000-0-slo-d
040 |a STU  |b slo 
041 0 |a slo 
044 |a xo 
100 1 |a Matuška, Matúš  |u 031000  |4 aut  |U FEI Fakulta elektrotechniky a informatiky  |T FEI Ústav robotiky a kybernetiky  |X 104533  |U E011  |Y 356  |7 104533 
242 0 1 |a Industry 4.0: SCADA HMI - Simatic WinCC Unified  |y eng 
245 1 0 |a Priemysel 4.0: SCADA-HMI - Simatic WinCC Unified 
260 |a Bratislava :  |b STU v Bratislave FEI,  |c 2025 
300 |a 55 s. 
650 4 |a Priemysel 4.0  |2 slo 
650 4 |a SCADA  |2 slo 
650 4 |a WinCC Unified  |2 slo 
650 4 |a OEE  |2 slo 
650 4 |a tracking  |2 slo 
650 4 |a vizualizácia  |2 slo 
650 4 |a PLC  |2 slo 
650 4 |a HMI  |2 slo 
650 4 |a energetické dáta  |2 slo 
650 4 |a energy data  |2 eng 
650 4 |a tracking  |2 eng 
650 4 |a Industry 4.0  |2 eng 
650 4 |a SCADA  |2 eng 
650 4 |a WinCC Unified  |2 eng 
650 4 |a PLC  |2 eng 
650 4 |a HMI  |2 eng 
650 4 |a OEE  |2 eng 
650 4 |a visualization  |2 eng 
700 1 |a Mrafko, Leo  |u 031000  |k Z8  |4 ths  |U FEI Fakulta elektrotechniky a informatiky  |T FEI Ústav robotiky a kybernetiky  |X 4972  |U E011  |Y 356  |7 A000004972 
856 4 |u https://opac.crzp.sk/?fn=detailBiblioFormChildW7RGK&sid=8D80AD18777FCC7F64B1B24DC29E&seo=CRZP-detail-kniha